000 00207 a2200097 4500
001 42757
100 _aBodkim
245 _aThe Approach to Paintings
260 _aLondon
_bCollins
_c
090 _c26648
_d26648
942 _aNUST-CAE
_cM
_c18500
999 _c277830
_d277830